Functional magnetic resonance imaging (Record no. 11270)
[ view plain ]
| 000 -LEADER | |
|---|---|
| fixed length control field | 00446 a2200169 4500 |
| 020 ## - INTERNATIONAL STANDARD BOOK NUMBER | |
| International Standard Book Number | 9780878932863 |
| 082 ## - DEWEY DECIMAL CLASSIFICATION NUMBER | |
| Classification number | 616.8047548 |
| 090 ## - LOCALLY ASSIGNED LC-TYPE CALL NUMBER (OCLC); LOCAL CALL NUMBER (RLIN) | |
| -- | 7467 |
| -- | 7467 |
| 100 ## - MAIN ENTRY--PERSONAL NAME | |
| Personal name | Huettel, Scott A |
| 245 ## - TITLE STATEMENT | |
| Title | Functional magnetic resonance imaging |
| Statement of responsibility, etc. | Scott A.Huettel |
| 250 ## - EDITION STATEMENT | |
| Edition statement | 2nd ed. |
| 260 ## - PUBLICATION, DISTRIBUTION, ETC. | |
| Place of publication, distribution, etc. | USA |
| Name of publisher, distributor, etc. | S A Sinauer |
| Date of publication, distribution, etc. | 2009 |
| 300 ## - PHYSICAL DESCRIPTION | |
| Extent | 542 p. |
| 650 ## - SUBJECT ADDED ENTRY--TOPICAL TERM | |
| Topical term or geographic name entry element | Brain--Magnetic resonance imaging |
| 700 ## - ADDED ENTRY--PERSONAL NAME | |
| Personal name | Scott A.Huettel |
| 942 ## - ADDED ENTRY ELEMENTS (KOHA) | |
| Koha item type | Book |
| Call number prefix | 616.8047548 HUE |
| Withdrawn status | Lost status | Damaged status | Not for loan | Collection code | Permanent Location | Current Location | Shelving location | Date acquired | Source of acquisition | Cost, normal purchase price | Total Checkouts | Full call number | Barcode | Date last seen | Price effective from | Koha item type |
|---|---|---|---|---|---|---|---|---|---|---|---|---|---|---|---|---|
| Central Library (CL) | Central Library (CL) | General Stacks | 09/18/2012 | Allied Book Company | 6875.35 | 616.8047548 HUE | SEECS011575 | 11/14/2012 | 01/05/2017 | Book |
